[Event "Llinars del Valles op-B 13th"]
[Site "Llinars del Valles"]
[Date "2019.06.08"]
[Round "7"]
[White "Berbel Gutierrez, Jose Guillermo"]
[Black "Fabregas Fernandez, Ferran"]
[Result "0-1"]
[WhiteElo "1422"]
[BlackElo "1424"]
[PlyCount "60"]
[EventDate "2019.03.30"]
[EventType "swiss"]
[EventRounds "8"]
[EventCountry "ESP"]
[SourceTitle "EXT 2021"]
[Source "ChessBase"]
[SourceDate "2020.10.23"]
[SourceVersion "1"]
[SourceVersionDate "2020.10.23"]
[SourceQuality "1"]

1. d4 d5 2. Bf4 Bf5 3. e3 e6 4. c4 Bb4+ 5. Nc3 Nf6 6. h3 Ne4 7. Qb3 Bxc3+ 8. bxc3 b6 9. Rc1 0-0 10. Nf3 Nc6 11. cxd5 exd5 12. Be2 Na5 13. Qa4 c5 14. 0-0 Rc8 15. Ba6 Rc6 16. Ne5 Re6 17. Bd3 Nd6 18. Qd1 Bxd3 19. Qxd3 Nac4 20. Nxc4 Nxc4 21. Rb1 Rg6 22. dxc5 bxc5 23. Rb7 Qc8 24. Qxd5 Qxh3 25. Rfb1 Nd2 26. Rb8 Nf3+ 27. Kf1 Qxg2+ 28. Ke2 Nd4+ 29. cxd4 Qxd5 30. dxc5 Qxc5 0-1

[Event "Llinars del Valles op-B 13th"]
[Site "Llinars del Valles"]
[Date "2019.04.06"]
[Round "2"]
[White "Fabregas Fernandez, Ferran"]
[Black "Bautista Sarmiento, Joel"]
[Result "1-0"]
[WhiteElo "1424"]
[BlackElo "1377"]
[PlyCount "71"]
[EventDate "2019.03.30"]
[EventType "swiss"]
[EventRounds "8"]
[EventCountry "ESP"]
[SourceTitle "EXT 2020"]
[Source "ChessBase"]
[SourceDate "2019.10.17"]
[SourceVersion "1"]
[SourceVersionDate "2019.10.17"]
[SourceQuality "1"]

1. e4 c5 2. Nf3 Nc6 3. d4 cxd4 4. Nxd4 Nf6 5. Nc3 e5 6. Nf5 d6 7. Bg5 Bxf5 8. exf5 h6 9. Bh4 Be7 10. Bb5 0-0 11. Bxf6 gxf6 12. Qh5 Kh7 13. 0-0-0 Na5 14. Rd3 Rg8 15. Rh3 Bf8 16. Qxf7+ Rg7 17. Qd5 a6 18. Be2 Rc8 19. Bh5 Re7 20. Rg3 Bg7 21. Rd1 Rc6 22. Rg6 Nc4 23. Ne4 Qf8 24. b3 Nb6 25. Qa5 d5 26. Ng3 Rec7 27. Rd2 d4 28. Bf3 Qc5 29. Qxc5 Rxc5 30. Nh5 Nc8 31. Nxf6+ Bxf6 32. Rxf6 Rc3 33. Be4 Ne7 34. Re6 R3c5 35. f6+ Ng6 36. f7 1-0